| 000 | 00929nam a2200277 i 4500 | ||
|---|---|---|---|
| 001 | 105488 | ||
| 003 | ES-MaACL | ||
| 007 | t| | ||
| 008 | 060719s1964 fr ||||1| fre d | ||
| 080 | _a316.7:82 | ||
| 080 | _a882.09"19" | ||
| 100 | 1 |
_aTrotsky, Leon, _d1879-1940 _9240350 |
|
| 245 | 1 | 0 |
_aLittérature et révolution / _cLéon Trotsky ; traduit du russe par Pierre Frank et Claude Ligny ; préface de Maurice Nadeau. |
| 260 |
_aParis : _bJulliard, _c[1964] |
||
| 300 |
_a365 p. ; _c22 cm. |
||
| 490 | 1 | _aLes lettres nouvelles | |
| 500 | _aBiblioteca Juan Andrade. | ||
| 650 | 1 | 7 |
_aLiteratura y sociedad _2embne _914679 |
| 650 | 1 | 4 |
_aLiteratura rusa- _yS.XX- _xHistoria y crítica. _914665 |
| 700 | 1 |
_aFrank, Pierre. _952311 |
|
| 700 | 1 |
_aLigny, Claude. _972274 |
|
| 700 | 1 |
_aNadeau, Maurice. _984821 |
|
| 830 | 0 |
_aLes lettres nouvelles _9185108 |
|
| 852 |
_aES-MaACL _jAND-291 |
||
| 999 |
_c105488 _d105488 |
||